| 000 | 02528cam a22005054a 4500 | ||
|---|---|---|---|
| 001 | 44055 | ||
| 005 | 20230410120751.0 | ||
| 008 | 021213r20032002nyu 000 0 eng | ||
| 010 | _a 2002033048 | ||
| 035 | _a(OCoLC)ocm51258662 | ||
| 040 |
_aDLC _cDLC _dBAKER _dCCS _dP#O _dIG# _dBTCTA _dYDXCP |
||
| 020 | _a1400031257 (pbk.) | ||
| 020 | _a9781400031252 (pbk.) | ||
| 035 | _a(OCoLC)51258662 | ||
| 042 | _apcc | ||
| 043 |
_an-us--- _an-us-ny |
||
| 050 | 1 | 4 |
_aHV 6432 _bF911lo 2003 |
| 082 | 0 | 0 | _a973.931 |
| 100 | 1 | _aFriedman, Thomas L. | |
| 245 | 1 | 0 |
_aLongitudes and attitudes : _bthe world in the age of terrorism / _cThomas L. Friedman. |
| 250 | _a1st Anchor Books ed. | ||
| 260 |
_aNew York : _bAnchor Books, _cc2003. |
||
| 300 |
_axv, 399 p. ; _c21 cm. |
||
| 500 | _aReprint. Originally published: New York : Farrar, Straus and Giroux, 2002. | ||
| 505 | 0 | _aIntroduction : a word album -- Prologue : the super-story -- Columns. Before : December 15, 2000-September 11, 2001 -- After : September 13, 2001-April 20, 2003 -- Diary. Travels in a world without walls : September 11, 2001-July 3, 2002 -- Acknowledgments. | |
| 520 | _aThe author provides all of the columns he has published about the terrorist attacks on September 11, 2001, as well as a diary of his private experiences and reflections during his post 9-11 travels. Updated for this new paperback edition, with over two years' worth of his columns and an expanded version of his diary, the book is the work from a trusted observer of the international scene. | ||
| 650 | 0 | _aTerrorism | |
| 650 | 0 | _aSeptember 11 Terrorist Attacks, 2001. | |
| 650 | 0 |
_aTerrorism _xPress coverage _zNew York (State) _zNew York. |
|
| 651 | 0 |
_aUnited States _xPolitics and government _y2001- |
|
| 651 | 0 |
_aUnited States _xForeign relations _y2001- |
|
| 650 | 0 |
_aWorld politics _y1995-2005. |
|
| 650 | 4 | _aSeptiembre 11 Ataque terrorista, 2001- | |
| 650 | 4 |
_aTerrorismo _zEstados Unidos _y2001- |
|
| 651 | 4 |
_aEstados Unidos _xRelaciones exteriores _y2001- |
|
| 856 | 4 | 2 |
_3Contributor biographical information _uhttp://www.loc.gov/catdir/bios/random054/2002033048.html |
| 856 | 4 | 2 |
_3Publisher description _uhttp://www.loc.gov/catdir/description/random0413/2002033048.html |
| 938 |
_aBaker & Taylor _bBKTY _c14.95 _d11.21 _i1400031257 _n0004133548 _sactive |
||
| 938 |
_aIngram _bINGR _n1400031257 |
||
| 938 |
_aBaker and Taylor _bBTCP _n2002033048 |
||
| 942 |
_2lcc _cbk |
||
| 946 | _acsexposito | ||
| 938 |
_aYBP Library Services _bYANK _n1927381 |
||
| 994 |
_aC0 _bDRFGD |
||
| 999 |
_c51458 _d51458 |
||